000 00385nam a22001697a 4500
003 OSt
005 20220228161958.0
008 220228b |||||||| |||| 00| 0 eng d
020 _a0133729885
040 _cHU
082 _a658.8342
100 _aSchiffman ,Leon
_931881
245 _aCONSUMER BEHAVIOR
260 _aAmerica
_bLondon
_c1997
300 _a972
942 _2ddc
_cBOOKS
_n0
999 _c31937
_d31937